La futurologie

Shranjeno v:
Bibliografske podrobnosti
Glavni avtor: Gras, Alain
Format: Knjiga
Jezik:Undetermined
Izdano: Paris Éditions Seghers 1976
Teme:
Oznake: Označite
Brez oznak, prvi označite!
Thư viện lưu trữ: Trung tâm Học liệu Trường Đại học Cần Thơ
LEADER 00470nam a2200193Ia 4500
001 CTU_85869
008 210402s9999 xx 000 0 und d
082 |a 303.49 
082 |b G767 
100 |a Gras, Alain 
245 0 |a La futurologie 
245 0 |c Alain Gras 
260 |a Paris 
260 |b Éditions Seghers 
260 |c 1976 
650 |a Forecasts 
650 |x Social change 
904 |i Năm 
980 |a Trung tâm Học liệu Trường Đại học Cần Thơ